Age of Empires III: All minor civilizations - Statistics

General Stats
  • This quiz has been taken 31 times
  • The average score is 23 of 38
Answer Stats
Hint Answer % Correct
Native American Maya
92%
Holy Site Sufi Mosque
85%
Native American Apache
77%
Native American Cherokee
77%
Native American Cree
77%
Native American Huron
77%
Holy Site Jesuit Mission
77%
Native American Seminole
77%
Native American Tupi
77%
Holy Site Zen Temple
77%
Native American Comanche
69%
Royal House Habsburg
69%
Native American Mapuche
69%
Native American Navajo
69%
Native American Nootka
69%
African Sudanese
69%
Native American Zapotec
69%
African Berbers
62%
Holy Site Bhakti Temple
62%
Royal House Bourbon
62%
Native American Carib
62%
Native American Klamath
62%
Native American Cheyenne
54%
Native American Quechua
54%
African Somalis
54%
Royal House Vasa
54%
Royal House Wittelsbach
54%
African Akan
46%
Royal House Jagiellon
46%
Native American Lenape
46%
Royal House Phanar
46%
Holy Site Shaolin Temple
46%
Holy Site Udasi Temple
46%
African Yoruba
46%
Royal House Hanover
38%
Royal House Oldenburg
38%
Holy Site Tengri Shrine
38%
Royal House Wettin
38%
No matching quizzes found
Score Distribution
Percent of People with Each Score
Percentile by Number Answered
Your Score History
You have not taken this quiz